=LDR 00000nam 2200000 4500 =001 INLIS000000000041701 =005 20250115023241 =035 ##$$a 0010-061300000041701 =008 250115################g##########0#ind## =082 ##$$a 2x4.4 =090 ##$$a 2x4.4, Ari h =100 ##$$a Arief, Muhammad =245 1#$$a Hukum warisan dalam Islam /$c H. Muhammad Arief =260 ##$$a Surabaya :$b Bina Ilmu,$c 1996 =300 ##$$a xii, 210 hlm ; $c 18 x 12 cm. =650 #4$$a Hukum Warisan dalam Islam =850 ##$$a NBPNMAT =084 ##$$a 2x4.4 ARI h =250 ##$$a cet.1 =990 ##$$a 65.790 =990 ##$$a 30618056 =990 ##$$a 00087034 =990 ##$$a 30618056